000 01699cam a2200313 a 4500
001 000007324
005 20200929154132.0
008 760413m19431947sp ab g b 000 f spa
035 _a(DLC) 45002028
035 _a(OCoLC)2109065
040 _aDO-SdBNP
_bspa
_cBNHU
_dOCoLC
_dDLC
050 0 0 _aG161
_b.S83
082 _ann
_bC691d
245 0 0 _aColección de diarios y relaciones para la historia de los viajes y descubrimientos.
260 _aMadrid :
_bInstituto histórico de Marina,
_c1943-.
300 _av. :
_bil., fold. maps. ;
_c25 cm.
504 _aIncluye referencias bibliográficas al pie y notas de las páginas.
505 0 _gv. 1.
_tCamargo 1539, Rodríguez Cabrillo 1542, Pedro de Valdivia 1552, Antonio de Vea 1675, Iriarte 1675, Quiroga 1745 --
505 0 _gv. 2.
_tPedro de Valdivia 1540-50, Menéndez de Áviles 1565-6, Flores Valdés y Alonso de Sotomayor 1581-3, Bodega y Quadra 1775 --
505 0 _gv. 3.
_tSarmiento de Gamboa (1579-80) --
505 0 _gv. 4.
_tDiego García 1526-27, Pascual de Andagoya 1534, Sancho de Arce 1586, Sebastián Vizcaíno 1602-3, Francisco de Oriega 1631-6, Andrés del Pez 1687 --
505 0 _gv. 5.
_tEsteban Rodríguez, 1564-1565; Miguel López de Legazpi, 1564-1565; Esteban Rodríguez y Rodrigo de Espinosa, 1565 --
505 0 _gv. 6.
_tEsteban José Martínez (1742-1798). Camargo 1539, Rodríguez Cabrillo 1542, Pedro de Valdivia 1552, Antonio de Vea 1675, Iriarte 1675, Quiroga 1745.
650 0 _aVoyages and travels
_xCollections.
_920362
650 0 _aDiscoveries in geography
_xSpanish.
_920363
700 1 _aNavarrete, Martín Fernandez de,
_d1765-1844.
_920364
910 _aCatalogación por copia / LC
049 _aBNGR
999 _c7105
_d7105